000 00447nam a2200169Ia 4500
008 240729s9999 xx 000 0 und d
022 _a2233-7660
245 0 _aLaboratory Animal Research
260 _aUnited Kingdom
260 _bBMC
650 _a Biology (General)
650 _a Medicine (General) | Science
650 _aMedicine
856 _uhttps://doaj.org/toc/bf38776924364ee5b962c4c3c31498c0
942 _2ddc
942 _cDOAJEJ
999 _c68196
_d68196
945 _a1
_bMadushi Gamage
_c1
_dMadushi Gamage